00453cam a22001337a 4500008004000000082001400040100002100054245007000075260002700145300001600172650002700188999001900215952008500234180718b1959 xxu||||| |||| 00| 0 eng d aW948 B414 aBallaire, Arthur aTV Advertising: a handbook of modern practicecby Arthur Bellaire aNew YorkbHarperc1959 axvii, 292p. aTelevision advertising c359351d359351 00104070aIIPAbIIPAd1994-02-08oW948 B414p19368r2018-07-21w2018-07-21yBK